000 00739nam a22001935i 4500
001 155654
003 ES-MaACL
005 20250604062546.0
008 980130s1856 fr |||| | fre d
040 _aNA
_bspa
_cNA
100 1 _aHugelmann, Gabriel.
_9128076
245 1 2 _aL'Espagne et ses derniers événements /
_cpar Gabriel Hugelmann.
260 _aParis :
_bLedoyen,
_c1856 (
_fImp. de Blondeau)
300 _a217 p., [1] h. ;
_c23 cm.
599 _aLa h. es reprod. de una carta ms. del autor.
651 7 _aEspaña-
_xHistoria-
_yS.XIX
_2
_9142005
852 _aES-MaACL
_jT-184-F-4
_q-- Afectado por la humedad
_z-- Enc. hol.
_q-- Falto de la hoja y de la cub. original
_z-- Enc. en un vol. facticio
999 _c155654
_d155654